| 000 | 00534nam a2200205Ia 4500 | ||
|---|---|---|---|
| 008 | 160418s9999 xx 000 0 und d | ||
| 020 | _a971-08-3072-4 | ||
| 050 | _aFIL PN 6014 | ||
| 050 | _b.P75 2006 c.2 | ||
| 245 | _aPrism : | ||
| 245 | _ban introduction to literature / | ||
| 245 | _cYolanda V. Tomelda… [et al] | ||
| 260 | _aMandaluyong: | ||
| 260 | _bNational Books Store, | ||
| 260 | _c2006 | ||
| 300 | _a793 pages : | ||
| 300 | _billustrations ; | ||
| 300 | _c22 cm. | ||
| 650 | _aLiterature -- Collected works. | ||
| 999 |
_c293530 _d293530 |
||